000 00238 a2200097 4500
001 33768
100 _aAshfaq Ahmed
245 _aSafar Maina : Aafsany, Safar Namy, Navlt [Urdu]
260 _aLahore
_bSange Meel
_c
090 _c22425
_d22425
942 _aNUST-CAE
_cM
_c13809
999 _c268841
_d268841